Statistics for Billy Joel Lyrics Quiz (Part 102)

Click here to take the quiz!

General Stats

  • This quiz has been taken 17 times
  • The average score is 83 of 203

Answer Stats

Answer% Correct
A
100%
a
100%
an
100%
And
93%
and
93%
I
93%
the
93%
we
93%
We
93%
is
86%
on
86%
do
79%
They
79%
to
79%
To
79%
you
79%
no
71%
your
71%
are
64%
But
64%
I’m
64%
in
64%
men
64%
of
64%
So
64%
this
64%
am
57%
from
57%
There
57%
there
57%
It’s
50%
one
50%
say
50%
what
50%
Because
43%
day
43%
just
43%
never
43%
told
43%
as
36%
with
36%
good
29%
got
29%
these
29%
evening
21%
home
21%
people
21%
said
21%
there’s
21%
Another
14%
fight
14%
gives
14%
hell
14%
save
14%
tired
14%
ain’t
7%
Between
7%
blood
7%
came
7%
Christmas
7%
cold
7%
comes
7%
coming
7%
damn
7%
dead
7%
Deep
7%
Earth,
7%
end
7%
letter
7%
near
7%
Peace
7%
read,
7%
Rome
7%
sea
7%
soldier
7%
armies
0%
Baghdad
0%
bring
0%
cave
0%
crusaders
0%
desert
0%
empire
0%
Euphrates
0%
fading
0%
Fallujah
0%
freedom
0%
God
0%
goodwill
0%
hallelujah
0%
Hallelujah,
0%
holy
0%
infidel
0%
justice
0%
land
0%
legionnaires
0%
memory
0%
Merry
0%
mountains
0%
oil
0%
Oo-ra!
0%
Osama’s
0%
Pakistan
0%
sand
0%
Tigris
0%

Score Distribution

Percentile by Number Answered

Percent of People with Each Score

Your Score History

You have not taken this quiz